000 00563nam a2200205Ia 4500
001 9586
003 GE_BSU
008 181216s||||||||xx |||||||||||||| ||und||
040 _cGE_BSU
080 _a821.353.1
100 _aმეგრელი,დუტუ
245 _aთხზულებანი
245 _cრედ. ს.ჭილაია.
260 _aთბილისი
260 _bსახელგამი
260 _c1948
300 _a272გვ.პორტრ.21სმ.
653 _aთხზულებანი
942 _cBK
999 _c42878
_d42878